عرض عادي
عرض مارك
- Clinical trials
مدخل مصطلح موضوعي
001 - رقم الضبط
- حقل الضبط: 4599
003 - معرف رقم الضبط
- حقل الضبط: OSt
005 - تاريخ ووقت أخر عملية
- حقل الضبط: 20110915064209.0
008 - عناصر بيانات ثابتة الطول
- حقل تحكم ثابت الطول: 110915|||a|||||| | ||| d
040 ## - مصدر الفهرسة
- هيئة الفهرسة الأصلية: OSt
- وكالة الكتابة: OSt
150 ## - مدخل-- مصطلح تاريخي
- عنصر مدخل المصطلح الموضوعي او الاسم الجغرافي: Clinical trials
- تفريع عام: Statistical methods.12
670 ## - بيانات المصدر موجوده
- الاستشهاد بالمصدر: Work cat.: (OSt)898: Jennison, Christopher, 1956- 4598, Group sequential methods with applications to clinical trials , c2000.
